| 000 | 005230000a22002050004500 | ||
|---|---|---|---|
| 003 | LK-CoMWRAF | ||
| 005 | 20231019203649.0 | ||
| 008 | 230817t ||||| |||| 00| 0 eng d | ||
| 020 | _a8122200532 | ||
| 040 |
_aLK-CoMWRAF _dLK-CoMWRAF _eLK-CoMWRAF |
||
| 041 | _aeng | ||
| 082 |
_a823 _bDES |
||
| 100 | _aDesai, Anita | ||
| 245 | _aVoices in the city | ||
| 260 |
_aDelhi (India) : _bOrient paperbacks, _c1992 |
||
| 300 | _a257p. 19 cm | ||
| 650 | _aEnglish Fiction | ||
| 650 | _aIndian Fiction (English) | ||
| 942 | _cBK | ||
| 999 |
_c1460 _d1460 |
||